Virus and mycoplasma diseases of plants in India (Record no. 26792)

MARC details
000 -LEADER
fixed length control field 00408nam a2200145Ia 4500
082 ## - DEWEY DECIMAL CLASSIFICATION NUMBER
Classification number 581.2:632.38(540)
Item number RAY
100 ## - MAIN ENTRY--AUTHOR NAME
Personal name NARIANI, T K
245 #0 - TITLE STATEMENT
Title Virus and mycoplasma diseases of plants in India
260 ## - PUBLICATION, DISTRIBUTION, ETC. (IMPRINT)
Place of publication Delhi
Name of publisher Oxford& IBH
Year of publication 1977
650 ## - SUBJECT ADDED ENTRY--TOPICAL TERM
Topical Term Mycoplasma disease
650 ## - SUBJECT ADDED ENTRY--TOPICAL TERM
Topical Term Plant virus diseases
700 ## - ADDED ENTRY--PERSONAL NAME
Personal name RAYCHAUDHURI, S P
942 ## - ADDED ENTRY ELEMENTS (KOHA)
Koha item type Books
Holdings
Withdrawn status Lost status Damaged status Not for loan Home library Current library Date acquired Full call number Accession Number Koha item type
        RRII Library RRII Library 16/12/2021 581.2:632.38(540) RAY 07423 Books